000 00664nam a2200253Ia 4500
003 OSt
005 20220918222600.0
006 a|||||r|||| 00| 0
007 ta
008 220917b |||||||| |||| 00| 0 eng d
024 _a217,340
037 _cTextual
040 _aARTS
_cARTS
_beng
041 _2eng
_aeng
082 _aX:8, P1
100 _aDaft Richard L.
_9143518
245 0 _aEssentials of organization theory and design
250 _a2nd
260 _aUSA
_bSouth-western college pub.press
_c2002
300 _avii, 213p
_ccm.
650 _aECONOMICS
942 _hX:8, P1
_cTEXL
_2CC
999 _c275922
_d275922